000 01083nam a22003017a 4500
001 5251
003 FISKH
005 20241210142038.0
008 241121b cb ||||| |||| 00| 0 eng d
020 _a9780141315188
040 _aFISKH
_beng
_cFISKH
_dFISKH
050 _aD810.J4
082 _a949.2071092
100 _aFrank, Anne
245 _aThe diary of a young girl /
_cEdited by Otto H. Frank and Mirjam Pressler The Dedinitive edition
260 _aLondon :
_bPenguin Group ;
_c1991, 2002 .
300 _a340 pages :
_billustrations ;
_c20 cm .
505 _aZ
520 _aThe journal of a Jewish girl in her early teens describes both the joys and torments of daily life, as well as typical adolescent thoughts, throughout two years spent in hiding with her family during the Nazi occupation of Holland.
521 8 _a1080
_bLexile
521 8 _aZ
_bLexile
650 _aHolocaust
_vnon-fiction
650 _adiary
_vnon-fiction
650 _ahistory
_vnon-fiction
700 _aFrank, Otto
_eeditor
942 _2ddc
_cBK
_n0
999 _c5251
_d5251